Normal view
MARC view
- عبدالكريم، محمد الغريب ؛ تقديم: عبد الحميد لطفي
Entry Personal Name
001 - CONTROL NUMBER
- control field: 16434
003 - CONTROL NUMBER IDENTIFIER
- control field: JO-AjAnu
005 - DATE AND TIME OF LATEST TRANSACTION
- control field: 20230606072924.0
008 - FIXED-LENGTH DATA ELEMENTS
- fixed length control field: 230606|| aca||aabn | a|a d
040 ## - CATALOGING SOURCE
- Original cataloging agency: JO-AjAnu
- Transcribing agency: JO-AjAnu
100 ## - HEADING--PERSONAL NAME
- Personal name: عبدالكريم، محمد الغريب ؛ تقديم: عبد الحميد لطفي
670 ## - SOURCE DATA FOUND
- Source citation: Work cat.: (JO-AjAnu)8435: عبدالكريم، محمد الغريب ؛ تقديم: عبد الحميد لطفي, author, الاتجاهات الفكرية في نظرية علم الاجتماع المعاصر